Historical Figures in Assassin's Creed - Statistics

General Stats
  • This quiz has been taken 402 times
  • The average score is 12 of 24
Answer Stats
Picture Answer % Correct
Leonardo Da Vinci
91%
Blackbeard
87%
Cleopatra
84%
Napoleon Bonaparte
80%
Benjamin Franklin
75%
Pope Alexander VI / Rodrigo Borgia
75%
Julius Caesar
74%
Queen Victoria
73%
George Washington
72%
Charles Darwin
62%
Socrates
59%
Lucrezia Borgia
50%
Charles Dickens
43%
Niccolò Machiavelli
42%
Alexander Graham Bell
37%
Anne Bonny
33%
Mary Read
33%
Caterina Sforza
30%
Winston Churchill
29%
Florence Nightingale
27%
Maximilien de Robespierre
27%
Suleiman I
21%
Nicolaus Copernicus
16%
Samuel Adams
16%
No matching quizzes found
Score Distribution
Percent of People with Each Score
Percentile by Number Answered
Your Score History
You have not taken this quiz